Hračkársky Norimberg 1978

Bibliographic Details
Main Author: Štrauch, Štefan (Author)
Format: Article
Language:Slovak
PhysicalDescription:Obr. 5.
Subjects:

MARC

LEADER 00000nab a2200000 a 4500
001 vtls000001639
003 SK-MaSNL
005 20260303230533.0
008 111103c1978 xo 0 slo
015 |a SNBRB19rr/mm-uuuuu 
035 |a CL0011731 
040 |a SNKBUCL  |b slo  |c SNKBUCL  |e AACR2 
041 0 |a slo 
044 |a xo  |c SK 
080 |a 688  |2 1981 
080 |a 339.1  |2 1981 
100 1 |a Štrauch, Štefan  |4 aut  |9 275480 
245 1 0 |a Hračkársky Norimberg 1978  |c Štefan Štrauch 
300 |b Obr. 5. 
650 0 7 |a hračky  |2 snkbucl  |9 25248 
650 0 7 |a veľtrhy medzinárodné  |2 snkbucl  |9 880743 
655 7 |a články z novín a časopisov  |2 snkbucl  |9 267496 
773 0 |t Technické noviny  |g Roč. 26, č. 22 (30. 5. 1978), s. 16 
850 |a Slovenská národná knižnica v Martine  |a MTA001 
852 |a SNK  |b KIS3GCP 
958 |a RK 
992 |a RBX 
999 |c 2262613  |d 2264543